000 00448cam a22001457a 4500
008 180718b1966 xxu||||| |||| 00| 0 eng d
082 _aD45 C84
100 _aCrabb, Cecil V.
245 _aElephants and the grass: a study of nonalignment
_cby Cecil V. Crabb
260 _aNew York
_bPraeger
_c1966
300 _a237p.
650 _aNewly independent states --Politics and government
650 _aWorld politics --1955-1965
650 _aNeutrality
999 _c431709
_d431709